भगत सिंह व अन्य क्रांतिकारियों की शहादतें/ (Record no. 204178)

MARC details
000 -LEADER
fixed length control field 00871nam a22001937a 4500
005 - DATE AND TIME OF LATEST TRANSACTION
control field 20240806170636.0
010 ## - LCCN (DPL NO)
LC control number HIN-127999
020 ## - INTERNATIONAL STANDARD BOOK NUMBER
Terms of availability 450.00
International Standard Book Number 9788187774419
035 ## - SYSTEM CONTROL NUMBER
System control number HN-100345
037 ## - SOURCE OF ACQUISITION
Source of stock number/acquisition DBAD
082 ## - DEWEY DECIMAL CLASSIFICATION NUMBER
Classification number 808.88
100 ## - MAIN ENTRY--PERSONAL NAME
Personal name शर्मा ,सत्यनारायण
245 ## - TITLE STATEMENT
Title भगत सिंह व अन्य क्रांतिकारियों की शहादतें/
Statement of responsibility, etc सत्यनारायण शर्मा
260 ## - PUBLICATION, DISTRIBUTION, ETC. (IMPRINT)
Place of publication, distribution, etc नई दिल्ली
Name of publisher, distributor, etc नीलकंठ प्रकाशन
Date of publication, distribution, etc 2021
270 ## - ADDRESS
Address 689/3,रुपन का कुआँ, महरौली
City नई दिल्ली
Postal code 110030
300 ## - PHYSICAL DESCRIPTION
Extent 173 पृ.
Dimensions 23 सेमी. (अजिल्द)
650 ## - SUBJECT ADDED ENTRY--TOPICAL TERM
Topical term or geographic name as entry element हिन्दी
942 ## - ADDED ENTRY ELEMENTS (KOHA)
Source of classification or shelving scheme Dewey Decimal Classification
Item type Hindi Books
Classification part 808.88
Call number suffix शर्मास
Holdings
Withdrawn status Lost status Not for loan Collection code Home library Current library Date acquired Source of acquisition Cost, normal purchase price Full call number Barcode Copy number Cost, replacement price Koha item type
      Non-fiction New Police Line New Police Line 18/07/2024 DBAD 450.00 808.88 शर्मास HN-100345 1 450.00 Hindi Books

© Delhi Public Library
Hit Counter
free hit counter